LEADER 01551nam 2200385 n 450 001 996390042903316 005 20200824120734.0 035 $a(CKB)4940000000101151 035 $a(EEBO)2240939009 035 $a(UnM)99837006e 035 $a(UnM)99837006 035 $a(EXLCZ)994940000000101151 100 $a19900925d1607 uy | 101 0 $aeng 135 $aurbn||||a|bb| 200 10$aGods vvarning to his people of England$b[electronic resource] $eBy the great ouer-flowing of the vvaters or floudes lately hapned in South-wales and many other places. Wherein is described the great losses, and wonderfull damages, that hapned thereby: by the drowning of many townes and villages, to the vtter vndooing of many thousandes of people 210 $aAt London $cPrinted [by R. Blower] for W. Barley, and Io. Bayly, and are to besolde [sic] in Gratious street$d1607 215 $a15, [1] p 300 $aBy William Jones. 300 $aPrinter's name from STC. 300 $aIn this edition, the title page has a woodcut of a ship; the verso is blank. 300 $aReproduction of the original in the Henry E. Huntington Library and Art Gallery. 330 $aeebo-0113 606 $aFloods$zWales$vEarly works to 1800 615 0$aFloods 700 $aJones$b William$cof Usk.$0346575 801 0$bCu-RivES 801 1$bCu-RivES 801 2$bUk-ES 801 2$bCStRLIN 801 2$bWaOLN 906 $aBOOK 912 $a996390042903316 996 $aGods vvarning to his people of England$92369959 997 $aUNISA LEADER 01839nam 2200553 450 001 9910671966903321 005 20200620101837.0 010 $a84-1324-613-X 035 $a(CKB)4100000010947755 035 $a(MiAaPQ)EBC6774614 035 $a(OCoLC)1161935020 035 $a(FINmELB)ELB129244 035 $a(EXLCZ)994100000010947755 100 $a20200620d2019 uy 0 101 0 $aspa 135 $aurcnu|||||||| 181 $ctxt$2rdacontent/spa 182 $cc$2rdamedia/spa 183 $acr$2rdacarrier/spa 200 13$aEl fiduciario favorecido con la sustitucio?n fideicomisaria especial /$fRosa Mari?a Moreno Flo?rez 210 1$aMadrid :$cDykinson,$d2019. 215 $a1 recurso en li?nea (206 pa?ginas) 311 $a84-1324-573-7 320 $aContiene bibliografi?a. 606 $aPeople with disabilities$xLegal status, laws, etc$zSpain 606 $aInheritance and succession$zSpain 606 $aTrusts and trustees$zSpain 606 $aFideicommissum$zSpain 606 $aPersonas con discapacidad$xEstatus legal, leyes, etc 606 $aDerecho sucesorio$zEspan?a 606 $aFiducia 606 $aFideicomiso$zEspan?a 608 $aLibros electronicos. 615 0$aPeople with disabilities$xLegal status, laws, etc 615 0$aInheritance and succession 615 0$aTrusts and trustees 615 0$aFideicommissum 615 4$aPersonas con discapacidad$xEstatus legal, leyes, etc. 615 4$aDerecho sucesorio 615 4$aFiducia. 615 4$aFideicomiso 676 $a346.46013 700 $aMoreno Flo?rez$b Rosa Mari?a$01151354 801 0$bFINmELB 801 1$bFINmELB 906 $aBOOK 912 $a9910671966903321 996 $aEl fiduciario favorecido con la sustitucio?n fideicomisaria especial$93042739 997 $aUNINA